| 000 | 01182nam a22002177a 4500 | ||
|---|---|---|---|
| 999 |
_c63489 _d63489 |
||
| 003 | Ge_BSU | ||
| 005 | 20251017203218.0 | ||
| 008 | 251017s2002 ge ||||| |||| 00| 0 geo d | ||
| 020 | _a9992832967 | ||
| 041 | _ageo | ||
| 080 | _a342.9(479.22)(075.8) ლ-85 | ||
| 100 |
_aლორია, ვალერი _912576 |
||
| 245 |
_aსაქართველოს ადმინისტრაციული საპროცესო სამართალი : _b სახელმძღვ. უმაღლ. სასწ. სტუდ. / _cვალერი ლორია; [რედ.: აპოლონ ფალიაშვილი]. |
||
| 264 |
_aთბ. : _bმერიდიანი, _c2002. |
||
| 300 |
_a304გვ. ; _b20სმ. |
||
| 501 | _a საგნ. საძ.: გვ. 298-302. | ||
| 504 | _aბიბლიოგრ. ტექსტ. შენიშვნ. | ||
| 653 | _aსაქართველოს ადმინისტრაციული საპროცესო სამართალი. | ||
| 700 |
_aფალიაშვილი, აპოლონ _eრედაქტორი _926058 |
||
| 942 |
_2udc _cᲬᲘᲒᲜᲘ |
||